Govt. of
Madhya Pradesh

In the Shadow of The Leaves (Record no. 63434)

MARC details
000 -LEADER
fixed length control field 00224nam a22000977a 4500
100 ## - MAIN ENTRY--AUTHOR NAME
Personal name Basu,Anjana
245 ## - TITLE STATEMENT
Title In the Shadow of The Leaves
260 ## - PUBLICATION, DISTRIBUTION, ETC. (IMPRINT)
Place of publication Delhi
Name of publisher TERI
Year of publication 2017
650 ## - SUBJECT ADDED ENTRY--TOPICAL TERM
Topical Term Children Book
942 ## - ADDED ENTRY ELEMENTS (KOHA)
Koha item type Books
Holdings
Withdrawn status Lost status Damaged status Not for loan Home library Current library Date acquired Cost, normal purchase price Full call number Accession Number Price effective from Koha item type
        MACL MACL 26/09/2020 250.00 741.642 RRC000352 26/09/2020 Books